Città del Piemonte - Statistics

Statistiche generali
  • Questo quiz è stato fatto 120 volte
  • Il punteggio medio è 8 su 11
Statistiche sulle risposte
Abitanti Città % Corretto
886k Torino
100%
421k Alessandria
95%
76k Asti
95%
56k Cuneo
94%
104k Novara
93%
46k Vercelli
91%
44k Biella
81%
31k Alba
52%
57k Moncalieri
44%
29k Bra
33%
23k Ivrea
33%
Nessun quiz corrispondente trovato
Distribuzione punteggi
Percentuale di utenti per punteggio
Percentile per numero di risposta
I tuoi punteggi nel tempo
Non hai fatto questo quiz